| 000 | 01383cam a2200325 a 4500 | ||
|---|---|---|---|
| 001 | 3941260 | ||
| 003 | AUA.1 | ||
| 005 | 20140805133800.0 | ||
| 008 | 930330s1993 tnu b 000 0 eng | ||
| 010 | _a 93010650 | ||
| 020 | _a0687009340 (alk. paper) | ||
| 040 |
_aDLC _cDLC _dDLC |
||
| 041 | 1 |
_aeng _hspa |
|
| 043 | _acl----- | ||
| 050 | 0 | 0 |
_aBT 764.2 _b.T3513 1993 |
| 082 | 0 | 0 |
_a234/.7 _220 |
| 100 | 1 |
_aTamez, Elsa. _946124 |
|
| 240 | 1 | 0 |
_aContra toda condena. _lEnglish |
| 245 | 1 | 4 |
_aThe amnesty of grace : _bjustification by faith from a Latin American perspective / _cElsa Tamez ; translated by Sharon H. Ringe. |
| 260 |
_aNashville : _bAbingdon Press, _cc1993. |
||
| 300 |
_a208 p. ; _c23 cm. |
||
| 504 | _aIncludes bibliographical references (p. 169-208). | ||
| 650 | 0 |
_aJustification (Christian theology) _946125 |
|
| 650 | 0 |
_aLiberation theology. _946126 |
|
| 651 | 0 |
_aLatin America _xChurch history. _946127 |
|
| 906 |
_a7 _bcbc _corignew _d1 _eocip _f19 _gy-gencatlg |
||
| 942 |
_2lcc _cBOOK _hBT 764.2 _i.T3513 1993 |
||
| 999 |
_c13044 _d13044 |
||